000 01585 a2200289 4500
003 OSt
005 20180116192333.0
008 120229t xxu||||| |||| 00| 0 eng d
010 _a 2003052786
020 _a0071411704 (alk. paper)
040 _c0
082 0 0 _a701.85
100 1 _aKopacz, Jeanne.
_9438
245 1 0 _aColor in three-dimensional design /
_cJeanne Kopacz.
260 _aNew York :
_bMcGraw-Hill,
_cc2004.
300 _axii, 302 p. :
_bcol. ill. ;
_c24 cm.
500 _aIncludes index
505 _aPART I: THE BASICS OF COLOR THEORY 1: Basic Color Elements 2: The Mechanics of Color 3: Using Color Models 4: Contrasts of Color 5: Color Harmony PART II: THREE-DIMENSIONAL PERCEPTION 6: Concepts of Dimensional Color 7: How Color Impacts Form 8: Color Influence 9: Color and Identity. PART III: COLOR IN DESIGN PRACTICE 10: Design Development Process 11: Color and Light 12: Texture and Material 13: Communicating Color Concepts. PART IV: SPATIAL APPLICATIONS 15: Residential Applications 16: Public Space Applications 17: Commercial Applications
650 0 _aColor in design.
_9439
650 0 _aColor vision.
_9440
650 0 _aSpace perception.
_9441
856 4 2 _3Publisher description
_uhttp://www.loc.gov/catdir/description/mh051/2003052786.html
856 4 2 _3Contributor biographical information
_uhttp://www.loc.gov/catdir/bios/mh042/2003052786.html
856 4 2 _3Table of contents
_uhttp://www.loc.gov/catdir/toc/mh031/2003052786.html
942 _aSADA
_cBK
_k701.85 KOP 2004
_2ddc
999 _c352385
_d352385